Govt. of
Madhya Pradesh

मध्‍य प्रदेश सामान्‍य ज्ञान (Record no. 65358)

MARC details
000 -LEADER
fixed length control field 00372nam a2200109Ia 4500
008 - FIXED-LENGTH DATA ELEMENTS--GENERAL INFORMATION
fixed length control field 221009s9999 xx 000 0 und d
082 ## - DEWEY DECIMAL CLASSIFICATION NUMBER
Classification number 001
100 ## - MAIN ENTRY--PERSONAL NAME
Personal name संजीत कुमार
9 (RLIN) 49411
245 #0 - TITLE STATEMENT
Title मध्‍य प्रदेश सामान्‍य ज्ञान
260 ## - PUBLICATION, DISTRIBUTION, ETC. (IMPRINT)
Name of publisher, distributor, etc. अरिहन्‍त पब्लिकेशन्‍स
942 ## - ADDED ENTRY ELEMENTS (KOHA)
Koha item type Books

No items available.